Nueva gramática de la lengua española (Record no. 411)
[ view plain ]
| 000 -LEADER | |
|---|---|
| fixed length control field | 00527nam a22001697a 4500 |
| 008 - FIXED-LENGTH DATA ELEMENTS--GENERAL INFORMATION | |
| fixed length control field | 120721t xxu||||| |||| 00| 0 spa d |
| 020 ## - INTERNATIONAL STANDARD BOOK NUMBER | |
| International Standard Book Number | 978-84-670-3207-9 |
| 082 ## - DEWEY DECIMAL CLASSIFICATION NUMBER | |
| Edition number | 14 |
| Classification number | 465 |
| 110 ## - MAIN ENTRY--CORPORATE NAME | |
| 9 (RLIN) | 124 |
| Corporate name or jurisdiction name as entry element | Real Academia Española |
| 245 10 - TITLE STATEMENT | |
| Title | Nueva gramática de la lengua española |
| Statement of responsibility, etc | Real Academia Española |
| 260 ## - PUBLICATION, DISTRIBUTION, ETC. (IMPRINT) | |
| Place of publication, distribution, etc | Buenos Aires : |
| Name of publisher, distributor, etc | Espasa, |
| Date of publication, distribution, etc | 2009. |
| 300 ## - PHYSICAL DESCRIPTION | |
| Extent | 2 vols. |
| 500 ## - GENERAL NOTE | |
| General note | Vol. 1 Morfología Sintaxis, Vol. 2 Sintaxis. |
| 650 17 - SUBJECT ADDED ENTRY--TOPICAL TERM | |
| Source of heading or term | unescot |
| 9 (RLIN) | 121 |
| Topical term or geographic name as entry element | ESPAÑOL |
| 650 17 - SUBJECT ADDED ENTRY--TOPICAL TERM | |
| Source of heading or term | unescot |
| Topical term or geographic name as entry element | GRAMATICA |
| 9 (RLIN) | 125 |
| 942 ## - ADDED ENTRY ELEMENTS (KOHA) | |
| Source of classification or shelving scheme | Dewey Decimal Classification |
| Item type | Material de referencia |
| Withdrawn status | Lost status | Source of classification or shelving scheme | Damaged status | Not for loan | Home library | Current library | Date acquired | Source of acquisition | Total Checkouts | Full call number | Barcode | Date last seen | Price effective from | Koha item type |
|---|---|---|---|---|---|---|---|---|---|---|---|---|---|---|
| Dewey Decimal Classification | Biblioteca Central | Biblioteca Central | 15/02/2013 | Compra | R 465 REA v.1 | UNAJ13020001 | 17/03/2025 | 15/02/2013 | Material de referencia | |||||
| Dewey Decimal Classification | Biblioteca Central | Biblioteca Central | 15/02/2013 | Compra | R 465 REA v.2 | UNAJ13020002 | 17/03/2025 | 15/02/2013 | Material de referencia |